000 00390 a2200157 4500
003 OSt
005 20180116182809.0
008 160816b xxu||||| |||| 00| 0 eng d
020 _a8120311418
040 _c0
100 _aAnant K
245 _aThe international business environment text and cases.
260 _aNew Delhi
_c1997
300 _a347
942 _aNBS
_cBK
_k658.4062 SUN
_2ddc
999 _c346171
_d346171